Teen Guides To Environmental Science: (Record no. 14264)

000 -LEADER
fixed length control field 00591nam a22001697a 4500
008 - FIXED-LENGTH DATA ELEMENTS--GENERAL INFORMATION
fixed length control field 160929b xxu||||| |||| 00| 0 eng d
020 ## - INTERNATIONAL STANDARD BOOK NUMBER
International Standard Book Number 9780313321870
020 ## - INTERNATIONAL STANDARD BOOK NUMBER
International Standard Book Number 0313321833
050 ## - LIBRARY OF CONGRESS CALL NUMBER
Classification number GE 105 .M66 2004
100 ## - MAIN ENTRY--PERSONAL NAME
Personal name Mongillo, John
245 ## - TITLE STATEMENT
Title Teen Guides To Environmental Science:
Remainder of title human impact on the environment/
Statement of responsibility, etc. John Mongillo and Peter Mongillo
260 ## - PUBLICATION, DISTRIBUTION, ETC. (IMPRINT)
Place of publication, distribution, etc. Westport Connectiut:
Name of publisher, distributor, etc. Greenwood Press,
Date of publication, distribution, etc. 2004
300 ## - PHYSICAL DESCRIPTION
Extent xv, 183p. :
Other physical details ill. ;
500 ## - GENERAL NOTE
General note Includes references and index.
700 ## - ADDED ENTRY--PERSONAL NAME
Personal name Mongillo, Peter
942 ## - ADDED ENTRY ELEMENTS (KOHA)
Source of classification or shelving scheme
Koha item type Hard Covered Materials
Classification part GE 105 .M66 2004
Holdings
Withdrawn status Lost status Source of classification or shelving scheme Damaged status Not for loan Home library Current library Shelving location Date acquired Source of acquisition Total Checkouts Full call number Barcode Date last seen Price effective from Koha item type
          MACHAKOS UNIVERSITY LIBRARY MACHAKOS UNIVERSITY LIBRARY Technical section 29/09/2016 Donation (BFA)   GE 105 .M66 2004 26077 12/07/2018 29/09/2016 Hard Covered Materials
© Machakos University Library, Along The Highway, Machakos Wote Rd, Machakos, Kenya P.O. Box 136 - 90100 Machakos - Kenya

Tel: ( +254 ) 723 805829 OR Fax : 044-20353 OR Email: library@mksu.ac.ke